Režimy prenosu daňovej povinnosti v kontexte dane z pridanej hodnoty a ich účtovné zobrazenie v účtovníctve podnikateľov v podmienkach SR diplomová práca

Saved in:
Bibliographic Details
Main Author: Kőváriová, Barbora
Corporate Author: Fakulta hospodárskej informatiky EU. Katedra účtovníctva a audítorstva
Other Authors: Vašeková, Miroslava, 1978-
Format: Book
Language:Slovak
Published: Bratislava 2018
Tags: Add Tag
No Tags, Be the first to tag this record!

MARC

LEADER 00000nbm a2200000 4500
001 0243565
005 20181108091739.4
041 0 |a slo 
044 |a SK 
245 1 0 |a Režimy prenosu daňovej povinnosti v kontexte dane z pridanej hodnoty a ich účtovné zobrazenie v účtovníctve podnikateľov v podmienkach SR  |b diplomová práca  |c Barbora Kőváriová ; školiteľ: Miroslava Vašeková 
264 1 |a Bratislava  |c 2018 
300 |a 59 s. 
100 1 |a Kőváriová, Barbora 
700 1 |a Vašeková, Miroslava, 1978- 
710 2 |a Fakulta hospodárskej informatiky EU. Katedra účtovníctva a audítorstva